Soar to 9000ft from your desk (Record no. 69165)

MARC details
000 -LEADER
fixed length control field 01072cam a2200229 4500
001 - CONTROL NUMBER
control field ABS64891
008 - FIXED-LENGTH DATA ELEMENTS--GENERAL INFORMATION
fixed length control field 020103n2001 000 0 eng u
035 ## - SYSTEM CONTROL NUMBER
System control number (Sirsi) u116109
100 ## - MAIN ENTRY--PERSONAL NAME
Personal name Tinworth, A.
245 ## - TITLE STATEMENT
Title Soar to 9000ft from your desk
260 ## - PUBLICATION, DISTRIBUTION, ETC.
Date of publication, distribution, etc. 2001
490 ## - SERIES STATEMENT
Series statement Estates Gazette
Volume/sequential designation (0149) 8 December 2001, 104-106(3)
520 ## - SUMMARY, ETC.
Summary, etc. Describes Getmapping.com's launch of its new web service, Image Express Plus which plans to provide digital photographs of nearly all of the UK. Quick and easy location of a map in possible based on postcode or Ordnance Survey grid reference. Gives quotes from users of the service who are mostly satisfied and find the features easy to use. Some criticisms are cited notably the age of the data which is now two years out of date and the lack of a search facility for an area find.
650 ## - SUBJECT ADDED ENTRY--TOPICAL TERM
Topical term or geographic name entry element GETMAPPING
650 ## - SUBJECT ADDED ENTRY--TOPICAL TERM
Topical term or geographic name entry element IMAGEEXPRESS PLUS
650 ## - SUBJECT ADDED ENTRY--TOPICAL TERM
Topical term or geographic name entry element AERIAL PHOTOGRAPHY
650 ## - SUBJECT ADDED ENTRY--TOPICAL TERM
Topical term or geographic name entry element MILLENNIUM MAP
650 ## - SUBJECT ADDED ENTRY--TOPICAL TERM
Topical term or geographic name entry element ORDNANCE SURVEY
650 ## - SUBJECT ADDED ENTRY--TOPICAL TERM
Topical term or geographic name entry element POSTCODES
690 ## - LOCAL SUBJECT ADDED ENTRY--TOPICAL TERM (OCLC, RLIN)
Topical term or geographic name as entry element ENVIRONMENT-AUDIT/ASSESSMENT
942 ## - ADDED ENTRY ELEMENTS (KOHA)
Suppress in OPAC 0
Holdings
Withdrawn status Lost status Source of classification or shelving scheme Damaged status Not for loan Home library Current library Shelving location Date acquired Total Checkouts Full call number Barcode Date last seen Copy number Price effective from Koha item type
    Dewey Decimal Classification     London London Journal article 03/01/2002   ABS64891 116109-1001 06/08/2019 1 06/08/2019 Journal article